"Я єсмь..." (Іван Марчук) (Запис № 389176)

МАРК-запис
000 -Лідер
fixed length control field 00911nam a22002777a 4500
001 - Контрольний номер
control field 102776
003 - Ідентифікатор контрольного номера
control field UA-OsUOA
005 - Дата та час останнього входження (трансакції)
control field 20211005224423.0
007 - Фіксоване поле фізичного опису
fixed length control field ta
008 - Елементи даних фіксованої довжини – загальна інформація
fixed length control field 20131002b un ||||| |||| 00| 0 ukr d
020 ## - Міжнародний стандартний книжковий номер (ISBN)
Міжнародний стандартний книжковий номер (ISBN) (НП) 9789665793366
040 ## - Джерело каталогізації
Агенція оригінальної каталогізації UA-OsUOA
Мова каталогізації ukr
Агенція, яка здійснювала перезапис UA-OsUOA
Агенція, яка здійснювала модифікацію UA-OsUOA
041 ## - Код мови
Код мови тексту/ звукової доріжки чи окремого заголовка (П) ukr
080 ## - Індекс Універсальної десяткової класифікації
Індекс Універсальної десяткової класифікації (УДК) (НП) 82-92:75
090 ## - Локальний шифр розміщення
Класифікаційний індекс УДК 82-92:75
Авторський знак (НП) К49
100 ## - Основне введення – ім’я особи
Ім’я особи (НП) Климчук О.
245 ## - Відомості про назву
Назва (НП) "Я єсмь..." (Іван Марчук)
Решта назви (НП) есей-біографія
Дані про відповідальність (НП) Олександр Климчук
246 31 - Інша форма назви
Назва (НП) Художник Іван Марчук, провидець і подорожній
260 ## - Публікація, розповсюдження і т.п. (Вихідні дані)
Місце публікації, розповсюдження і т.п. (П) К.
Ім’я/ наймення видавництва, розповсюджувача і т.п. (П) Укр. письменник
Дата публікації, розповсюдження і т.п. (П) 2012
300 ## - Фізичний опис
Обсяг 576 с.
490 ## - Область серії
Назва серії In corpore
650 #7 - Додаткове предметне введення – тематичний термін
Тематичний термін чи географічна назва, як елемент введення (НП) 82 Література. Літературознавство
Джерело заголовка чи терміна UDC
942 ## - Додаткові елементи входу (Коха)
Тип елемента Koha Книги
Source of classification or shelving scheme Universal Decimal Classification
955 ## - Код типу видання за змістом
Код типу видання за змістом (НП) Літературно-художні видання
Фонди
Стан вилучень Стан втрат Джерело класифікації або схеми стелажів Стан уражень Не для кредиту Код колекції Постійне місце розташування Поточне розміщення Дата придбання Джерело придбання Вартість, звичайна ціна покупки Інвентарний номер Усього замовленно Повний номер виклику Штрих-код Дата останнього перегляду Ціна ефективна від Тип елемента Koha Вартість, ціна заміни Примітка, призначена для загального доступу
    Universal Decimal Classification     Колекція Жулинського М.Г. АБ - Абонемент НБ АБ - Абонемент НБ 02/10/2013 51/2013 20.00 143537   82-92:75 К49 143537 06/02/2022 02/10/2013 Книги    
    Universal Decimal Classification     Колекція Жулинського М.Г. АБ - Абонемент НБ АБ - Абонемент НБ 07/10/2013 51/2013 20.00 143628   82-92:75 К49 143628 06/02/2022 02/10/2013 Книги    
    Universal Decimal Classification     Колекція Жулинського М.Г. АБ - Абонемент НБ АБ - Абонемент НБ 11/08/2017 32/2017 20.00 154543   82-92:75 К49 154543 30/09/2021 02/10/2013 Книги    
    Universal Decimal Classification     Колекція Жулинського М.Г. ЧЗ - Читальна зала ЧЗ - Читальна зала 20/09/2021 №24/07.09.2021 50.00     82-92:75 К49 163928 06/02/2022 20/09/2021 Книги 50.00 з автографом О. Климчука